[Event "European Blitz 2022"]
[Site "Katowice POL"]
[Date "2022.12.16"]
[Round "21.86"]
[White "Muter, Donny"]
[Black "Paprocki, Jaroslaw"]
[Result "1/2-1/2"]
[WhiteElo "2206"]
[BlackElo "2158"]
[WhiteFideId "409170"]
[BlackFideId "1122274"]
[EventDate "2022.12.16"]

1. d4 Nf6 2. Nf3 e6 3. Bg5 h6 4. Bh4 Be7 5. e3 b6 6. Bd3 Bb7 7. Nbd2 g5 8. Bg3
d6 9. Qe2 Nd5 10. c3 g4 11. Ng1 Nf6 12. e4 Nbd7 13. h3 h5 14. hxg4 Nxg4 15. Ngf3
Ndf6 16. O-O-O Qd7 17. Bb5 c6 18. Bd3 O-O-O 19. Kb1 Kb8 20. e5 Nd5 21. Nc4 dxe5
22. Nfxe5 Nxe5 23. Bxe5+ Ka8 24. Bxh8 Rxh8 25. Rxh5 Rg8 26. g3 c5 27. Ne5 Qc7
28. Rh7 f6 29. Nc4 Qd7 30. dxc5 bxc5 31. Na5 Qe8 1/2-1/2

[Event "European Blitz 2022"]
[Site "Katowice POL"]
[Date "2022.12.16"]
[Round "21.88"]
[White "Rozman, Monika"]
[Black "Raczek, Krzysztof"]
[Result "0-1"]
[WhiteTitle "WFM"]
[WhiteElo "2125"]
[BlackElo "2161"]
[WhiteFideId "14609118"]
[BlackFideId "21005303"]
[EventDate "2022.12.16"]

1. e4 c5 2. Nf3 Nc6 3. d4 cxd4 4. Nxd4 Nf6 5. Nc3 d6 6. Bg5 e6 7. Qd3 Bd7 8.
O-O-O a6 9. f4 b5 10. Nxc6 Bxc6 11. e5 dxe5 12. Qxd8+ Rxd8 13. Rxd8+ Kxd8 14.
fxe5 h6 15. Bxf6+ gxf6 16. exf6 Bc5 17. Bd3 Bxg2 18. Rd1 Kc7 19. Be4 Bh3 20. Rd3
Bg4 21. Kd2 Bd6 22. h3 Bf4+ 23. Ke1 Bh5 24. Bf3 Bg6 25. Be4 Rg8 26. Bxg6 Rxg6
27. Ne4 Kc6 28. Rd8 Be5 29. Rf8 Kd5 30. Nf2 Rxf6 31. Ng4 Rf4 32. Rd8+ Ke4 33.
Nf2+ Kf5 34. Nd3 Re4+ 35. Kd1 Rd4 36. Rc8 Rd7 37. Rc5 Rd5 38. Rc6 Bxb2 39. Rxa6
b4 40. Ke2 Bc3 41. Rc6 Ra5 42. Rc5+ Rxc5 43. Nxc5 e5 44. Kd3 Kf4 45. Ne4 Be1 46.
Nd6 f5 47. Ke2 Bc3 48. Nc4 e4 49. Ne3 Bd4 50. Nd5+ Kg3 51. Nxb4 f4 52. Nd5 f3+
53. Kf1 e3 54. Nxe3 Bxe3 55. c4 Kxh3 56. a4 Kg4 57. a5 h5 58. Ke1 h4 59. Kd1 h3
60. Kc2 h2 61. Kd3 Ba7 62. Kc3 h1=Q 63. Kb4 Qb1+ 64. Ka4 Bc5 65. a6 Qb4# 0-1

[Event "European Blitz 2022"]
[Site "Katowice POL"]
[Date "2022.12.16"]
[Round "21.89"]
[White "Dubnevych, Maksym"]
[Black "Pein, Jonathan"]
[Result "0-1"]
[BlackTitle "CM"]
[WhiteElo "2139"]
[BlackElo "2252"]
[WhiteFideId "14184001"]
[BlackFideId "417092"]
[EventDate "2022.12.16"]

1. d4 g6 2. Nc3 Bg7 3. Bf4 d6 4. e3 Nc6 5. Nf3 Nf6 6. Be2 O-O 7. O-O Nd7 8. Bg3
e5 9. dxe5 Ncxe5 10. Nxe5 Nxe5 11. f4 Nc6 12. e4 Nd4 13. Bd3 c6 14. Rb1 f5 15.
e5 dxe5 16. fxe5 Be6 17. a3 Qc7 18. Qe1 Rad8 19. Bf4 a6 20. Kh1 b5 21. Ne2 c5
22. Nxd4 Rxd4 23. Qe3 Rfd8 24. Qg3 Qc6 25. Rbe1 Qd7 26. Bg5 Rf8 27. Be3 Rg4 28.
Qf2 Bd5 29. Rg1 Qc6 30. Be2 Rxg2 31. Rxg2 f4 32. Bxf4 Bxg2+ 33. Qxg2 Qxg2+ 34.
Kxg2 Rxf4 35. Bf3 Kf8 36. Bb7 a5 37. Ba6 b4 38. axb4 axb4 39. c3 Ke7 40. Kg3 Rf5
41. e6 Be5+ 42. Kg4 bxc3 43. bxc3 Bxc3 44. Rb1 Bb4 45. Rd1 h5+ 46. Kg3 Rg5+ 47.
Kf4 Rg4+ 48. Ke5 Rh4 49. Bc8 Rxh2 50. Rd7+ Ke8 51. Rg7 c4 52. Rxg6 c3 53. Rg8+
Bf8 54. Bd7+ Ke7 55. Rg1 c2 56. Ba4 0-1

[Event "European Blitz 2022"]
[Site "Katowice POL"]
[Date "2022.12.16"]
[Round "21.90"]
[White "Zamekhovskiy, Yevgen"]
[Black "Charkhalashvili, Inga"]
[Result "0-1"]
[BlackTitle "WGM"]
[WhiteElo "2095"]
[BlackElo "2273"]
[WhiteFideId "14174413"]
[BlackFideId "13601431"]
[EventDate "2022.12.16"]

1. d4 Nf6 2. c4 e6 3. Nf3 d5 4. g3 Be7 5. Bg2 O-O 6. O-O b6 7. Nc3 Bb7 8. cxd5
exd5 9. Ne5 Nbd7 10. Bf4 c5 11. Rc1 cxd4 12. Nb5 Nxe5 13. Bxe5 Ne4 14. Qxd4 Bc5
15. Qd1 Qe8 16. Bxe4 dxe4 17. Nd6 Qxe5 18. Nxb7 Bd4 19. e3 Bxb2 20. Rc4 Rab8 21.
Nd6 Rbd8 22. Rc6 Ba3 23. Nc4 Qb5 24. Qe2 Qxc6 25. Nxa3 Rd3 26. Nc2 Qc3 27. Nd4
Rd2 28. Qg4 Rxa2 29. Qxe4 g6 30. h4 Qc5 31. g4 b5 32. Rb1 b4 33. Nc6 a5 34. Ne7+
Kg7 35. Rd1 b3 36. h5 b2 37. h6+ Kxh6 38. Rd5 Qxe7 39. Qxe7 b1=Q+ 40. Kg2 Kg7 0-1

[Event "European Blitz 2022"]
[Site "Katowice POL"]
[Date "2022.12.16"]
[Round "21.91"]
[White "Dwilewicz, Katarzyna"]
[Black "Przybylski, Wojciech"]
[Result "1-0"]
[WhiteTitle "WFM"]
[BlackTitle "FM"]
[WhiteElo "2123"]
[BlackElo "2321"]
[WhiteFideId "1148486"]
[BlackFideId "1117599"]
[EventDate "2022.12.16"]

1. e4 e5 2. Nf3 Nc6 3. Bb5 Nf6 4. d3 Be7 5. Bxc6 bxc6 6. Nxe5 O-O 7. O-O Bb7 8.
Nc3 d5 9. Re1 Re8 10. Bg5 h6 11. Bh4 Bb4 12. Ng4 Be7 13. e5 Nxg4 14. Bxe7 Qxe7
15. Qxg4 c5 16. f4 Rad8 17. Re2 Bc8 18. Qf3 c6 19. f5 Qg5 20. Rf1 h5 21. g3 Bd7
22. h4 Qg4 23. Qxg4 hxg4 24. Na4 c4 25. Nc5 Bc8 26. d4 g6 27. f6 Bf5 28. c3 Rb8
29. Kg2 Rb5 30. b4 cxb3 31. axb3 Reb8 32. Ra1 a5 33. Rea2 Ra8 34. Kf2 Kf8 35.
Ke3 Ke8 36. b4 Kd8 37. Rxa5 Rab8 38. Ra7 Ke8 39. Re7+ Kf8 40. Raa7 Kg8 41. Rxf7
Kh8 42. Rh7+ 1-0

[Event "European Blitz 2022"]
[Site "Katowice POL"]
[Date "2022.12.16"]
[Round "21.92"]
[White "Hrebenshchykova, Yelyzaveta"]
[Black "Pacl, Vaclav"]
[Result "1-0"]
[BlackTitle "FM"]
[WhiteElo "2289"]
[BlackElo "2015"]
[WhiteFideId "14159899"]
[BlackFideId "302031"]
[EventDate "2022.12.16"]

1. e4 d6 2. d4 Nf6 3. Nc3 g6 4. Nf3 Bg7 5. h3 O-O 6. Be3 c6 7. a4 a5 8. Be2 Na6
9. O-O Nb4 10. Nd2 Qc7 11. f4 e6 12. Ncb1 b6 13. c3 Na6 14. Na3 Qe7 15. Bd3 c5
16. Nb5 Bb7 17. Qe2 Nc7 18. Nxd6 Qxd6 19. e5 Qe7 20. exf6 Bxf6 21. dxc5 bxc5 22.
Ne4 Bxe4 23. Bxe4 Rad8 24. Qf2 Na6 25. Rad1 Rc8 26. Qf3 Rb8 27. Bd3 Nc7 28. Qf2
Rfc8 29. Bxc5 Qe8 30. b4 Nd5 31. Bb5 Rxb5 32. axb5 Qxb5 33. Bd4 Be7 34. bxa5
Qxa5 35. Rc1 Rc4 36. Qe2 Qc7 37. Qf3 Ba3 38. Rb1 Nxc3 39. Be5 Qc5+ 40. Kh1 Bb4
41. Ra1 Ba5 42. Qa8+ 1-0

[Event "European Blitz 2022"]
[Site "Katowice POL"]
[Date "2022.12.16"]
[Round "21.93"]
[White "Rudzinska, Michalina"]
[Black "Niezhentsev, Kyrylo"]
[Result "1-0"]
[WhiteTitle "WFM"]
[WhiteElo "2256"]
[BlackElo "2052"]
[WhiteFideId "1172883"]
[BlackFideId "34126660"]
[EventDate "2022.12.16"]

1. e4 c5 2. Nf3 d6 3. d4 Nf6 4. Nc3 cxd4 5. Nxd4 a6 6. Be2 e5 7. Nb3 Be7 8. O-O
b5 9. Nd5 Nxd5 10. Qxd5 Ra7 11. Be3 Be6 12. Qd2 Rd7 13. a4 bxa4 14. Rxa4 O-O 15.
c4 Qc8 16. Na5 Nc6 17. Nxc6 Qxc6 18. Qc2 Rc7 19. Rfa1 Ra8 20. Bd3 h6 21. b3 Rb7
22. Qa2 Rba7 23. Bxa7 Rxa7 24. Rxa6 Rxa6 25. Qxa6 Qc5 26. Qa7 Qb4 27. Qxe7 Qc3
28. Rd1 Qxb3 29. Be2 Qc2 30. Bf3 Qxc4 31. Qxd6 Qc3 32. h3 Bxh3 33. Qd3 1-0

[Event "European Blitz 2022"]
[Site "Katowice POL"]
[Date "2022.12.16"]
[Round "21.94"]
[White "Fiedorek, Michal"]
[Black "Cieslak, Patryk"]
[Result "1-0"]
[WhiteTitle "FM"]
[WhiteElo "2303"]
[BlackElo "2094"]
[WhiteFideId "1199528"]
[BlackFideId "21078882"]
[EventDate "2022.12.16"]

1. e4 c5 2. Nf3 d6 3. d4 cxd4 4. Nxd4 Nf6 5. Nc3 a6 6. h4 e5 7. Nb3 Be6 8. f4 g6
9. Qf3 Nc6 10. Be3 exf4 11. Bxf4 Ne5 12. Qf2 Be7 13. O-O-O Qc7 14. Nd4 b5 15.
Bg5 Nfg4 16. Qd2 h6 17. Bxe7 Kxe7 18. Nd5+ Bxd5 19. exd5 Kf8 20. Be2 Kg7 21.
Rhf1 Nf6 22. Qf4 Nxd5 23. Nf5+ gxf5 24. Rxd5 Rac8 25. Rd2 Qd7 26. g4 Ng6 27.
Qd4+ Kh7 28. gxf5 Ne7 29. f6 Ng6 30. Bd3 Rc4 31. Bxc4 bxc4 32. Qxc4 Rc8 33. Qd3
Rc5 34. Qxd6 Qc8 35. Qd3 a5 36. Rh1 Qg4 37. Rhd1 a4 38. a3 h5 39. Qd6 Rf5 40.
Qd4 Qf3 41. Qd3 Qg4 42. Qe2 Qf4 43. Kb1 Nxh4 44. Qd3 Ng6 45. Qd7 Rxf6 46. Rd6
Rxd6 47. Qxd6 Qf3 48. Qd3 Qf6 49. Rh1 h4 50. Rh3 Kg7 51. Rf3 Qe5 52. Qc3 Kh6 53.
Rxf7 Qxc3 54. bxc3 Kg5 55. c4 Ne5 56. Rg7+ Kf6 57. Rh7 Kg5 58. c5 Kg4 59. Rh6 h3
60. c6 Nf7 61. Rh7 Ng5 62. Rxh3 Kxh3 63. c7 1-0

[Event "European Blitz 2022"]
[Site "Katowice POL"]
[Date "2022.12.16"]
[Round "21.95"]
[White "Gradalski, Olaf"]
[Black "Dehtiarov, Roman"]
[Result "1/2-1/2"]
[BlackTitle "FM"]
[WhiteElo "2079"]
[BlackElo "2300"]
[WhiteFideId "21840580"]
[BlackFideId "14186640"]
[EventDate "2022.12.16"]

1. e4 e5 2. Nf3 Nc6 3. Bc4 Bc5 4. c3 Nf6 5. d4 exd4 6. cxd4 Bb4+ 7. Bd2 Bxd2+ 8.
Nbxd2 d5 9. exd5 Nxd5 10. O-O O-O 11. Ne5 Nce7 12. Re1 c6 13. Ne4 Nf5 14. Ng3
Nxg3 15. hxg3 Be6 16. Qf3 Nc7 17. Rad1 Bxc4 18. Nxc4 Nd5 19. Ne3 Qa5 20. Nxd5
cxd5 21. a3 Qb5 22. Qe2 Qb6 23. b4 Rac8 24. Qf3 Qb5 25. Re5 Rcd8 26. Rc1 b6 27.
Rc7 Rd6 28. Ree7 Rf6 29. Qe2 Qxe2 30. Rxe2 a6 31. Ree7 h5 32. f3 g6 33. Kf2 Rd8
34. Red7 Rxd7 35. Rxd7 Rc6 36. Rxd5 Rc2+ 37. Kg1 Rc3 38. Rd6 Rxa3 39. Rxb6 Rb3
40. Kh2 Kg7 41. d5 Rb1 42. g4 hxg4 43. fxg4 Rb3 44. Kg1 Rb2 45. Kh2 Rb3 46. g5
Kf8 47. d6 Ke8 48. Rxa6 Rxb4 49. Ra8+ Kd7 50. Ra7+ Kxd6 51. Rxf7 Re4 52. Rf6+
Re6 53. Kg3 Rxf6 54. gxf6 Ke6 1/2-1/2

[Event "European Blitz 2022"]
[Site "Katowice POL"]
[Date "2022.12.16"]
[Round "21.96"]
[White "Karpus, Michal"]
[Black "Sowinski, Pawel"]
[Result "1-0"]
[WhiteTitle "FM"]
[WhiteElo "2212"]
[BlackElo "2064"]
[WhiteFideId "1174088"]
[BlackFideId "21881979"]
[EventDate "2022.12.16"]

1. e4 c6 2. d4 d5 3. Nc3 dxe4 4. Nxe4 Nf6 5. Nxf6+ exf6 6. c3 Bd6 7. Bd3 O-O 8.
Qc2 Re8+ 9. Ne2 h5 10. O-O Nd7 11. c4 Nf8 12. f4 f5 13. Bd2 g6 14. Bc3 Bd7 15.
Kh1 Rc8 16. Ng1 Ne6 17. g3 b5 18. b3 h4 19. Nf3 bxc4 20. bxc4 c5 21. d5 Ng7 22.
Nxh4 Re3 23. Rae1 Rxe1 24. Rxe1 Qf8 25. Nf3 Re8 26. Ne5 Bc8 27. Qa4 Re7 28. Kg2
Qe8 29. Qxe8+ Rxe8 30. Nc6 Rxe1 31. Bxe1 a6 32. Bc3 Ne8 33. Be5 Kf8 34. Kf3 Bxe5
35. Nxe5 1-0

[Event "European Blitz 2022"]
[Site "Katowice POL"]
[Date "2022.12.16"]
[Round "21.97"]
[White "Goraj, Barbara"]
[Black "Kovalevsky, Stanislav"]
[Result "1/2-1/2"]
[WhiteTitle "WCM"]
[BlackTitle "FM"]
[WhiteElo "2130"]
[BlackElo "2237"]
[WhiteFideId "21816166"]
[BlackFideId "13508598"]
[EventDate "2022.12.16"]

1. e4 e6 2. d4 d5 3. Nd2 dxe4 4. Nxe4 Nf6 5. Nxf6+ gxf6 6. Nf3 c5 7. Be3 cxd4 8.
Nxd4 Bd7 9. Bc4 Nc6 10. Nxc6 Bxc6 11. Qxd8+ Rxd8 12. f3 a6 13. Bb6 Rd7 14. Ke2
Rg8 15. g3 Rg5 16. Rad1 Re5+ 17. Kf2 Bc5+ 18. Bxc5 Rxc5 19. Rxd7 Kxd7 20. Bd3 h6
21. Ke3 Re5+ 22. Kf2 Kd6 23. Rd1 Kc5 24. Bh7 Rh5 25. h4 Rd5 26. Rxd5+ Bxd5 27.
a3 Kd4 28. Bg8 e5 29. Bh7 a5 30. Ke2 b5 31. Bf5 b4 32. axb4 axb4 33. Bg4 Be6 34.
Bh5 f5 35. Kd2 e4 36. c3+ bxc3+ 37. bxc3+ Ke5 38. Ke3 Kd5 39. fxe4+ fxe4 40. Be2
Ke5 41. c4 f5 42. Bf1 Bc8 43. Be2 Ba6 44. Bf1 Bc8 45. Be2 Kd6 46. Kf4 Kc5 47. g4
fxg4 48. Kxe4 Ba6 49. Bxg4 Bxc4 50. Kf5 Bd3+ 51. Kf6 Kd6 52. h5 Bc4 53. Kg7 Ke7
54. Kxh6 Bf7 55. Bf5 Bxh5 56. Kxh5 1/2-1/2

[Event "European Blitz 2022"]
[Site "Katowice POL"]
[Date "2022.12.16"]
[Round "21.98"]
[White "Kubicka, Anna"]
[Black "Pycinski, Wladyslaw"]
[Result "0-1"]
[WhiteTitle "WIM"]
[WhiteElo "2217"]
[BlackElo "1867"]
[WhiteFideId "1152254"]
[BlackFideId "21054509"]
[EventDate "2022.12.16"]

1. e4 c5 2. Ne2 Nc6 3. g3 g6 4. Bg2 Bg7 5. O-O e5 6. d3 Nge7 7. Nbc3 O-O 8. Be3
d6 9. Qd2 Nd4 10. f4 f5 11. Rae1 Be6 12. a3 Qd7 13. Kh1 Rae8 14. fxe5 Nxe2 15.
Rxe2 Bxe5 16. Bh6 Bg7 17. Bxg7 Kxg7 18. e5 Nc6 19. exd6 Qxd6 20. Nb5 Qd7 21.
Rfe1 a6 22. Qc3+ Nd4 23. Nxd4 cxd4 24. Qc5 Bf7 25. Rxe8 Rxe8 26. Rxe8 Bxe8 27.
Qe5+ Kg8 28. Qd5+ Kg7 29. Qxd7+ Bxd7 30. Bxb7 a5 31. Bd5 Kf6 32. Kg2 Ke5 33. Bg8
h6 34. Kf3 Bc6+ 35. Kf2 g5 36. c3 a4 37. c4 Kd6 38. Bh7 Bd7 39. Bg6 Kc5 40. Bf7
Kd6 41. Bd5 Kc5 42. Kf3 Kd6 43. h4 Kc5 44. hxg5 hxg5 45. Kf2 Kd6 46. Ke2 Kc5 47.
Kd2 Bc8 48. Kc2 Bd7 49. b3 axb3+ 50. Kxb3 f4 51. gxf4 gxf4 52. Bf3 Bf5 53. Kc2
Bd7 54. Kd2 Bf5 55. Ke2 Bd7 56. Be4 Bg4+ 57. Kf2 Bh5 58. Bf3 Be8 59. Be4 Bh5 60.
Bf5 Bd1 61. Bg6 Bg4 62. Be4 Bd1 63. Bf3 Bc2 64. Be2 Kd6 65. Kf3 Ke5 66. Kg4 Ba4
67. Bf3 Bc2 68. Be2 Ba4 69. Kf3 Bc6+ 70. Kf2 Kd6 71. Bd1 Kc5 72. Bf3 Be8 73. Bg4
Bc6 74. Bf5 Bb7 75. Bg6 Bc6 76. Bh5 Kb6 77. Bf3 Bd7 78. Be4 Bg4 79. Bg2 Kc5 80.
Bf1 Bh5 81. Be2 Be8 82. Kg2 Bc6+ 83. Kh3 Bd7+ 84. Bg4 Bxg4+ 85. Kg2 Bd7 86. Kh2
Bg4 87. Kg2 Kd6 88. a4 Kc5 89. a5 Be2 90. Kf2 Bg4 91. a6 Kb6 0-1

[Event "European Blitz 2022"]
[Site "Katowice POL"]
[Date "2022.12.16"]
[Round "21.99"]
[White "Slusarczyk, Anna"]
[Black "Krzywda, Andrzej"]
[Result "0-1"]
[BlackTitle "CM"]
[WhiteElo "1679"]
[BlackElo "2262"]
[WhiteFideId "21885079"]
[BlackFideId "1114565"]
[EventDate "2022.12.16"]

1. d4 Nf6 2. Nf3 c5 3. c4 cxd4 4. Nxd4 e6 5. Nc3 Bb4 6. Bg5 h6 7. Bh4 Qa5 8. Qd3
Nc6 9. Nxc6 dxc6 10. Rd1 e5 11. e4 Be6 12. Bg3 O-O 13. Be2 Rfd8 14. Qc2 Rxd1+
15. Kxd1 Bxc3 16. bxc3 Nd7 17. Kc1 Nc5 18. Kb1 Na4 19. Rc1 b5 20. cxb5 Nxc3+ 21.
Ka1 Nxa2 22. Qd2 0-1

[Event "European Blitz 2022"]
[Site "Katowice POL"]
[Date "2022.12.16"]
[Round "21.100"]
[White "Petrovskyi, Vadym"]
[Black "Chiszko, Oskar"]
[Result "0-1"]
[WhiteTitle "FM"]
[WhiteElo "2402"]
[BlackElo "1657"]
[WhiteFideId "14165210"]
[BlackFideId "21894353"]
[EventDate "2022.12.16"]

1. d4 Nf6 2. c4 e6 3. Nc3 Bb4 4. f3 d5 5. a3 Be7 6. e4 dxe4 7. fxe4 e5 8. d5 a5
9. Nf3 O-O 10. Be2 Re8 11. O-O Na6 12. Be3 Ng4 13. Bf2 Nxf2 14. Kxf2 Bc5+ 15.
Ke1 f5 16. Qd2 f4 17. Na4 Be3 18. Qc3 Bd7 19. Bd1 Qf6 20. h4 Qg6 21. Qc2 Qg3+
22. Ke2 Qxg2+ 23. Ke1 Qg3+ 24. Ke2 Bh3 25. Nd2 Bxf1+ 26. Nxf1 Qf2+ 27. Kd3 Qxf1+
28. Kc3 Bd4+ 29. Kb3 Qh3+ 30. Ka2 f3 31. Qd3 Rf8 32. c5 Nxc5 33. Nxc5 Bxc5 34.
d6 cxd6 35. Bb3+ Kh8 36. Rf1 Qg2 37. Bc4 Bd4 38. Qb3 a4 39. Qb5 Ra6 40. Rb1 Rb6 0-1

[Event "European Blitz 2022"]
[Site "Katowice POL"]
[Date "2022.12.16"]
[Round "22.1"]
[White "Kazakouski, Valery"]
[Black "Navara, David"]
[Result "0-1"]
[WhiteTitle "GM"]
[BlackTitle "GM"]
[WhiteElo "2539"]
[BlackElo "2684"]
[WhiteFideId "13507443"]
[BlackFideId "309095"]
[EventDate "2022.12.16"]

1. Nf3 d5 2. c4 d4 3. b4 g5 4. Qb3 Bg7 5. Nxg5 e5 6. Qg3 Ne7 7. Ne4 Ng6 8. h4 h5
9. d3 Bf5 10. Qf3 Bg4 11. Qg3 f5 12. f3 f4 13. Qf2 Bf5 14. g3 Nc6 15. a3 Bh6 16.
Nbd2 fxg3 17. Nxg3 Be3 18. Qh2 Bd7 19. Nde4 Bxc1 20. Rxc1 Qe7 21. Bh3 Nf4 22.
Bxd7+ Kxd7 23. Rg1 Rag8 24. Kd2 Kc8 25. Nf5 Qf8 26. Nfg3 a5 27. b5 Nd8 28. c5
Nde6 29. b6 c6 30. Nd6+ Kb8 31. Nge4 Rxg1 32. Rxg1 Nxc5 33. Nc4 Nxe4+ 34. fxe4
Qc5 35. Rg5 Ka8 36. Qxf4 Qxc4 37. dxc4 exf4 38. Rxa5+ Kb8 39. Rf5 Kc8 40. Rxf4
Kd7 41. Kd3 c5 42. Rf5 Kc6 43. Rf6+ Kd7 44. e5 Ra8 45. Rh6 Rxa3+ 46. Ke4 Re3+
47. Kd5 Rxe2 48. Kxc5 Rxe5+ 49. Kxd4 Rf5 50. Kc3 Re5 51. Kb4 Rf5 52. Rh7+ Kc6
53. c5 Rf4+ 54. Ka5 Kxc5 55. Rxb7 Rxh4 56. Rc7+ Kd6 57. Rc8 Rh2 58. b7 Ra2+ 59.
Kb6 Rb2+ 60. Ka7 Ra2+ 61. Kb8 h4 62. Rh8 Ra4 63. Rh6+ Kd7 64. Rh7+ Kd8 65. Rh5
Kd7 66. Rd5+ Kc6 67. Rd1 Rb4 68. Rc1+ Kd7 69. Ka7 Ra4+ 70. Kb6 Rb4+ 71. Ka6 h3
72. Rc3 h2 73. Rh3 Kc7 74. Rh7+ Kc6 75. Rh6+ Kc7 76. Rh7+ Kc6 77. Rxh2 Ra4# 0-1

[Event "European Blitz 2022"]
[Site "Katowice POL"]
[Date "2022.12.16"]
[Round "22.2"]
[White "Sargsyan, Shant"]
[Black "Alonso Rosell, Alvar"]
[Result "1/2-1/2"]
[WhiteTitle "GM"]
[BlackTitle "GM"]
[WhiteElo "2645"]
[BlackElo "2561"]
[WhiteFideId "13306766"]
[BlackFideId "2270544"]
[EventDate "2022.12.16"]

1. d4 Nf6 2. Nf3 d5 3. c4 e6 4. cxd5 exd5 5. Nc3 c6 6. Bf4 Bd6 7. Bxd6 Qxd6 8.
e3 Bf5 9. Qb3 Qe7 10. Nh4 Bg6 11. Be2 O-O 12. O-O Ne8 13. Nxg6 hxg6 14. Bd3 Nd6
15. Rfe1 Nd7 16. e4 dxe4 17. Nxe4 Nb6 18. a4 Nd5 19. Nc3 Qf6 20. Nxd5 cxd5 21.
Qxd5 Rad8 22. Qe5 Nc8 23. Qxf6 gxf6 24. Be4 Rxd4 25. Bxb7 Rb4 26. Bf3 Rxb2 27.
Reb1 Rxb1+ 28. Rxb1 Nb6 29. a5 Nc4 30. a6 Nd2 31. Rb7 Rc8 32. h4 Nxf3+ 33. gxf3
Rc4 34. Rxa7 Ra4 35. Kg2 Kg7 36. Kg3 Kg8 37. Ra8+ Kg7 38. a7 f5 39. f4 Ra3+ 40.
Kg2 Ra4 41. Kf3 Ra3+ 42. Ke2 Ra2+ 43. Ke3 Ra3+ 44. Kd4 Ra1 45. Kc3 Ra3+ 46. Kb4
Ra1 47. Kc5 Rc1+ 48. Kd4 Ra1 49. Ke3 Ra3+ 50. Ke2 Ra2+ 51. Kf3 Ra3+ 52. Kg2 Ra4
53. Kg3 Ra3+ 54. f3 Ra4 55. Kf2 Ra2+ 1/2-1/2

[Event "European Blitz 2022"]
[Site "Katowice POL"]
[Date "2022.12.16"]
[Round "22.3"]
[White "Gavrilescu, David"]
[Black "Adams, Michael"]
[Result "1/2-1/2"]
[WhiteTitle "IM"]
[BlackTitle "GM"]
[WhiteElo "2522"]
[BlackElo "2688"]
[WhiteFideId "1227190"]
[BlackFideId "400041"]
[EventDate "2022.12.16"]

1. e4 e5 2. Nf3 Nc6 3. d4 exd4 4. Nxd4 Nf6 5. Nxc6 bxc6 6. Bd3 d5 7. exd5 cxd5
8. O-O Be7 9. c4 d4 10. Bg5 O-O 11. Nd2 Bb7 12. Re1 Re8 13. Bxf6 Bxf6 14. Be4
Rb8 15. Qf3 Bc8 16. Nb3 Be6 17. Bd3 Qd6 18. Rad1 h6 19. Re2 Re7 20. Rde1 Rbe8
21. Nd2 Qd8 22. Ne4 Be5 23. Ng3 Bc8 24. Nf5 Bxf5 25. Qxf5 g6 26. Qf3 h5 27. g3
c5 28. Be4 Kg7 29. Bd5 Bf6 30. h4 a5 31. b3 Rxe2 32. Rxe2 Rxe2 33. Qxe2 Qd7 34.
Kg2 a4 35. Qe4 a3 36. Qf4 Qe7 37. Qe4 Qd7 38. Qf4 d3 39. Qe3 Qf5 40. Be4 Qe5 41.
Qxd3 Qb2 42. Qc2 Qd4 43. Qd3 Qa1 44. Qe2 Qe5 45. Qd3 Qb2 46. Qc2 Qd4 47. Qd3 Qe5
48. Bd5 Qb2 49. Qe4 Kf8 50. Qf4 Qe5 51. Qxe5 Bxe5 52. Kf3 Bd4 53. Ke2 Ke7 54. f3
f5 55. Bc6 Kf6 56. Be8 Kg7 57. f4 Kf6 58. Kf3 1/2-1/2

[Event "European Blitz 2022"]
[Site "Katowice POL"]
[Date "2022.12.16"]
[Round "22.4"]
[White "Klekowski, Maciej"]
[Black "Santos Latasa, Jaime"]
[Result "1-0"]
[WhiteTitle "GM"]
[BlackTitle "GM"]
[WhiteElo "2477"]
[BlackElo "2668"]
[WhiteFideId "1132717"]
[BlackFideId "2293307"]
[EventDate "2022.12.16"]

1. c4 Nf6 2. Nf3 c5 3. g3 Nc6 4. Bg2 d5 5. cxd5 Nxd5 6. O-O e5 7. d3 Be7 8. Nc3
Be6 9. Bd2 O-O 10. Rc1 Rc8 11. a3 b6 12. Qa4 Nxc3 13. Bxc3 Qd7 14. Rfe1 f6 15.
Nd2 Rc7 16. Nc4 Rb8 17. Qb5 Qc8 18. Ne3 a6 19. Qa4 b5 20. Qe4 f5 21. Qf3 b4 22.
axb4 cxb4 23. Bd2 Nd4 24. Qh5 g6 25. Qh6 Rxc1 26. Bxc1 Nxe2+ 27. Rxe2 Qxc1+ 28.
Bf1 Qc5 29. Rc2 Qd4 30. Rc7 Qd6 31. Ra7 Bf7 32. Nc4 Qf6 33. Qe3 Bxc4 34. dxc4
Rc8 35. Qh6 1-0

[Event "European Blitz 2022"]
[Site "Katowice POL"]
[Date "2022.12.16"]
[Round "22.5"]
[White "Oleksiyenko, Mykhaylo"]
[Black "Pultinevicius, Paulius"]
[Result "1/2-1/2"]
[WhiteTitle "GM"]
[BlackTitle "GM"]
[WhiteElo "2594"]
[BlackElo "2561"]
[WhiteFideId "4152417"]
[BlackFideId "12809390"]
[EventDate "2022.12.16"]

1. e4 c6 2. Nf3 d5 3. Nc3 Bg4 4. h3 Bxf3 5. Qxf3 e6 6. g3 Nd7 7. Qe3 Ngf6 8. Bg2
Bc5 9. d4 Bb6 10. exd5 cxd5 11. Nxd5 Nxd5 12. Bxd5 O-O 13. Bxb7 Rb8 14. Bg2 e5
15. O-O exd4 16. Qg5 Nf6 17. Bf4 Rc8 18. Qf5 Rc5 19. Qd3 Qd7 20. Rad1 Rd8 21.
Rfe1 Qc8 22. Be5 Rxc2 23. Bxf6 gxf6 24. Be4 Rxb2 25. Bxh7+ Kg7 26. Bf5 Qc5 27.
a4 Rd5 28. Rc1 Qa5 29. Be4 Re5 30. Rf1 Rd2 31. Qf3 f5 32. Bd3 Qd5 33. Qxd5 Rxd5
34. Rfd1 Rxd1+ 35. Rxd1 Kf6 36. f4 Rc5 37. Kf2 Rc3 38. Ke2 Ra3 39. Rc1 Ra2+ 40.
Kf3 Ra3 41. Ke2 Kg7 42. Rc6 Ra2+ 43. Kf3 Ra3 44. Ke2 Ra2+ 45. Bc2 Ra3 46. Bd3
Ra2+ 47. Rc2 Rxa4 48. Bxf5 Ra3 49. Bd3 Rc3 50. Rb2 Rc6 51. Kf3 a5 52. Be4 Rc3+
53. Kg4 Bc5 54. Rb5 a4 55. Ra5 a3 56. Kf5 d3 57. Bxd3 Bb6 58. Ra6 Rxd3 59. Rxb6
Rxg3 60. Ra6 Rxh3 61. Ke4 Rb3 62. Kf5 Re3 63. Kg5 Rh3 64. Kg4 Rc3 65. Kf5 Rb3
66. Kg5 Rb5+ 67. Kg4 Rb3 68. Kg5 Rc3 69. Kf5 Rg3 70. Ke5 Kf8 71. Ra7 Kg7 72. Kf5
Rb3 73. Ra6 Rc3 74. Kg5 Rg3+ 75. Kf5 Kf8 76. Ra7 Ke8 77. Ke5 Rb3 78. Kf6 Rb6+
79. Kf5 Rb5+ 80. Kf6 Rb6+ 81. Kf5 Rb3 82. Kf6 Rb6+ 1/2-1/2

[Event "European Blitz 2022"]
[Site "Katowice POL"]
[Date "2022.12.16"]
[Round "22.6"]
[White "Alexakis, Dimitris"]
[Black "Deac, Bogdan-Daniel"]
[Result "0-1"]
[WhiteTitle "IM"]
[BlackTitle "GM"]
[WhiteElo "2486"]
[BlackElo "2700"]
[WhiteFideId "4277023"]
[BlackFideId "1226380"]
[EventDate "2022.12.16"]

1. e4 c6 2. d4 d5 3. Nd2 g6 4. Ngf3 Bg7 5. Bd3 Nh6 6. O-O O-O 7. Re1 a5 8. c3
Na6 9. h3 Nc7 10. e5 f6 11. Nf1 Nf7 12. Bf4 a4 13. h4 a3 14. b3 Bg4 15. N1h2
fxe5 16. dxe5 Ne6 17. Bg3 Bh5 18. Qd2 c5 19. c4 dxc4 20. Bxc4 Qxd2 21. Nxd2 Nd4
22. Rac1 b5 23. Bf1 Rac8 24. Nhf3 Bxf3 25. Nxf3 Nxf3+ 26. gxf3 Nh6 27. Bxb5 Rxf3
28. Bd7 Rd8 29. Be6+ Kh8 30. Rxc5 Nf5 31. Bxf5 gxf5 32. Kg2 Rfd3 33. Ra5 Bh6 34.
Ra6 Kg7 35. h5 R8d4 36. e6 Bf4 37. Bh4 Bd6 38. Ra7 Rxh4 39. Ra6 Rg4+ 40. Kf1 Kf6 0-1